Countries that Produce the Most Tea - Statistics

General Stats
  • This quiz has been taken 40 times
  • The average score is 7 of 10
Answer Stats
Tons Country % Correct
1.9 million China
100%
1.2 million India
100%
0.148 million Indonesia
81%
0.084 million Japan
78%
0.340 million Sri Lanka
78%
0.214 million Vietnam
75%
0.160 million Iran
56%
0.432 million Kenya
44%
0.212 million Turkey
44%
0.105 million Argentina
33%
No matching quizzes found
Score Distribution
Percent of People with Each Score
Percentile by Number Answered
Your Score History
You have not taken this quiz